| 000 | 00461nam a2200193Ia 4500 | ||
|---|---|---|---|
| 008 | 240510s9999 xx 000 0 und d | ||
| 020 | _a0000030216281 | ||
| 041 | _aEng | ||
| 082 | _a658.4038 | ||
| 082 | _bF55 | ||
| 100 | _aFLAATTEN, P.O.(et-el) | ||
| 245 | 0 | _aFoundations of Business Systems | |
| 260 | _bTakyo : The Dryden Press | ||
| 260 | _c1989 | ||
| 300 | _a754 p. | ||
| 650 | _aManagement Information Systems | ||
| 942 | _2ddc | ||
| 942 | _cRBK | ||
| 999 |
_c23705 _d23705 |
||
| 945 |
_a1 _bMadushi Gamage _c1 _dMadushi Gamage |
||